Loreto College Library, Kolkata
WEBOPAC (ONLINE PUBLIC ACCESS CATALOGUE)

Sound and sense (Record no. 27506)

MARC details
000 -LEADER
fixed length control field 00501nam a2200193Ia 4500
005 - DATE AND TIME OF LATEST TRANSACTION
control field 20240320115319.0
008 - FIXED-LENGTH DATA ELEMENTS--GENERAL INFORMATION
fixed length control field 131103s9999 xx 000 0 und d
040 ## - CATALOGING SOURCE
Original cataloging agency Loreto College
041 ## - LANGUAGE CODE
Language code English
082 ## - DDC | ডিউই
Classification number | বর্গসংখ্যা 420.7
Book Number | গ্রন্থাঙ্ক COL
100 ## - MAIN ENTRY--PERSONAL NAME | মুখ্য সংলেখ - ব্যাক্তিনাম
Personal name | ব্যাক্তিনাম Cole, Wilton
245 ## - TITLE STATEMENT | অাখ্যা বিবরণী
Title | অাখ্যা Sound and sense
Sub title | উপঅাখ্যা A handbook on elocution
Statement of responsibility | লেখকের দায়িত্বের বিবরণ Wilton Cole
260 ## - IMPRINT | প্রকাশনা ক্ষেত্র
Place of publication | প্রকাশ স্থান London
Name of publisher | প্রকাশকের নাম George Allen & Unwin
Date of publication | প্রকাশ কাল 1960
300 ## - PHYSICAL DESCRIPTION |
Page / Vol. No | পৃষ্ঠা / খন্ড সংখ্যা vii,82p.
504 ## - BIBLIOGRAPHY, ETC. NOTE
Bibliography, etc Inclues index
650 ## - SUBJECT ADDED ENTRY--TOPICAL TERM | বিষয় শিরোনাম - মূল বিষয়
Topical term | মূল বিষয় English language
850 ## - HOLDING INSTITUTION
Holding institution LCBED
942 ## - ADDED ENTRY ELEMENTS (KOHA)
Koha item type Books
Holdings
Withdrawn status Lost status Source of classification Damaged status Not for loan Home library Current library Date acquired Total Checkouts Full call number Accession No. Date last seen Price effective from Koha item type Coded location qualifier
    Dewey Decimal Classification     Loreto College Loreto College 04/11/2013   420.7 COL 12098 B30353 04/11/2013 04/11/2013 Books